Violencia /

Reflexionamos sobre nuestra sociedad a través de testimonios de quienes fueron víctimas de la violencia, y del análisis de especialistas entrevistados. La angustia, la soledad, la frustración y otros sentimientos surgen como consecuencias de la falta de contención social.

Guardado en:
Autor Corporativo: Canal Encuentro.
Otros Autores: Pauls, Gastón; Conducción.
Formato: Deslizar
Publicado: Argentina, 2008.
Series:Mejor Hablar de Ciertas Cosas
Materias:
Acceso en línea:https://www.educ.ar/recursos/50901/violencia
Etiquetas: Agregar Etiqueta
Sin Etiquetas, Sea el primero en etiquetar este registro!
LEADER 01376ngm a22003135g 4500
001 CEM.cems023027
008 130507s2008##################0###0#####d
005 20241204161839.0
245 1 0 |a Violencia /  |c Canal Encuentro. 
260 |a Argentina,  |c 2008. 
300 |a 46'. 
490 0 |a Mejor Hablar de Ciertas Cosas 
500 |a Consultar en ventanilla. 
505 0 |a La violencia en la sociedad y en especial en los adolescentes. Formas de violencia. Las patotas, el alcohol y las drogas. Testimonio de víctimas y especialistas. 
520 |a Reflexionamos sobre nuestra sociedad a través de testimonios de quienes fueron víctimas de la violencia, y del análisis de especialistas entrevistados. La angustia, la soledad, la frustración y otros sentimientos surgen como consecuencias de la falta de contención social. 
538 |a Soporte: DVD - Color: Si - Grabación DRD 2012 
590 |a Identificación SIABUC: DVD Nº 40 
110 2 |a Canal Encuentro. 
700 1 |a Pauls, Gastón; Conducción. 
082 3 6 |/ PAU-2 
082 3 6 |/ ENC-2 
653 |a VIOLENCIA 
653 |a SOCIEDAD 
653 |a ADOLESCENCIA 
653 |a MEJOR HABLAR DE CIERTAS COSAS 
653 |a NIVEL PRIMARIO 
653 |a NIVEL SECUNDARIO 
856 |u https://www.educ.ar/recursos/50901/violencia 
859 |a CEMS  |b BIB. CEMS - Depto. Recursos Didacticos  |h 360  |i PAU-2  |k DRD  |p 1670.12  |t Ej.1